<?xml version="1.0" encoding="UTF-8"?>
<record
    xmlns:xsi="http://www.w3.org/2001/XMLSchema-instance"
    xsi:schemaLocation="http://www.loc.gov/MARC21/slim http://www.loc.gov/standards/marcxml/schema/MARC21slim.xsd"
    xmlns="http://www.loc.gov/MARC21/slim">

  <leader>02581agaaa2200313   4500</leader>
  <controlfield tag="001">5119</controlfield>
  <controlfield tag="003">IT-RoPAU</controlfield>
  <controlfield tag="005">20220918181253.0</controlfield>
  <controlfield tag="007">d cvaizq</controlfield>
  <controlfield tag="008">50131s9999||||xx ||| |     ||   ||und||</controlfield>
  <datafield tag="040" ind1=" " ind2=" ">
    <subfield code="a">IT-RoPAU</subfield>
    <subfield code="c">IT-RoPAU</subfield>
  </datafield>
  <datafield tag="041" ind1=" " ind2=" ">
    <subfield code="a">ITALIANO</subfield>
  </datafield>
  <datafield tag="100" ind1=" " ind2=" ">
    <subfield code="a">Damato Mino</subfield>
    <subfield code="g">Codice regista SPICS: 29708</subfield>
    <subfield code="9">49952</subfield>
  </datafield>
  <datafield tag="130" ind1=" " ind2=" ">
    <subfield code="a">SINDONE (LA)-INDAGINE SU UN MISTERO</subfield>
    <subfield code="9">49953</subfield>
  </datafield>
  <datafield tag="245" ind1=" " ind2=" ">
    <subfield code="a">SINDONE (LA)-INDAGINE SU UN MISTERO</subfield>
    <subfield code="c">Prodotto da: Cinestudio 80 -- Sceneggiatura: Damato Mino Giordano Gabriele -- Diretto da: Damato Mino</subfield>
    <subfield code="p">SINDONE (LA)-INDAGINE SU UN MISTERO (Rif. Codice opera principale : 85119)</subfield>
  </datafield>
  <datafield tag="250" ind1=" " ind2=" ">
    <subfield code="a">Edizione Standard</subfield>
  </datafield>
  <datafield tag="260" ind1=" " ind2=" ">
    <subfield code="a">ROMA (ITALIA)</subfield>
    <subfield code="b">SAMPAOLO FILM AUDIOVISIVI / Distribuzione: MASTER VIDEO</subfield>
    <subfield code="g">"1985 (1&#xB0; ed.: 1985 ; Ed. Lingua Orig.: 1985)"</subfield>
  </datafield>
  <datafield tag="300" ind1=" " ind2=" ">
    <subfield code="a">VHS</subfield>
    <subfield code="b">sonoro, col.</subfield>
    <subfield code="c">28 minuti</subfield>
  </datafield>
  <datafield tag="508" ind1=" " ind2=" ">
    <subfield code="a">"Musica: Vitalini Alberico; Sceneggiatura: Damato Mino Giordano Gabriele; "</subfield>
  </datafield>
  <datafield tag="520" ind1=" " ind2=" ">
    <subfield code="a">QUESTO DOCUMENTARIO PRESENTA LA PIU' COMPLETA INDAGINE FILMATA SUL MISTERODELLA SACRA SINDONE DOVE VICENDE DI VENTI SECOLI FA SI LEGANO ALLE CRONACHE SCIENTIFICHE DEI NOSTRI GIORNI AVVALENDOSI TRA L'ALTRO DI RICOSTRUZIONI ELABORATE AL COMPUTER ALL'UNIVERSITA' DELLA VIRGINIA NEGLI STATI UNITI DOVE INFORMAZIONI TRIDIMENSIONALI PERMETTONO DI IDENTIFICARE IL CORPO DELL'UOMOCHE E' STATO AVVOLTO NEL MISTERIOSO LENZUOLO QUESTO DOCUMENTARIO SI PRESENTA COME UNA PROPOSTA DI RIFLESSIONE NELLA SCUOLA E NELLA CATECHESI RACCOGLIENDO E UNENDO DOMANDE SCIENTIFICHE A DOMANDE DI FEDE DOVE LA FEDE PUO' ESSERE AIUTATA NELLA SUA ADESIONE AL MISTERO DELLA MORTE DI CRISTO E DELLA REDENZIONE DELL'UOMO DOCUMENTARIO A COLORI SACRA SINDONE PER DISPOSIZIONE TESTAMENTARIA DI UMBERTO DI SAVOIA E' DONATA ALLA SANTA SEDE PERCORSO STORICO DELLA SINDONE DAL SEPOLCRO DI GERUSALEMME ALLA CAPPELLA REALE DI TORINO PROVADELLA MONETA SULL'OCCHIO DESTRO DELL'UOMO AVVOLTO NEL LINO STUDIO COMPARATO DELLA STORIA DELL'ARTE E DELL'ICONOGRAFIA DI GESU' RAPPORTATI ALL'IMMAGINE SINDONICA STUDIO DEI POLLINI SUL LINO DELLA SINDONE: RICERCA SCIENTIFICA A SOSTEGNO DELLA RICERCA STORICA</subfield>
  </datafield>
  <datafield tag="538" ind1=" " ind2=" ">
    <subfield code="a">PAL, STEREO</subfield>
  </datafield>
  <datafield tag="546" ind1=" " ind2=" ">
    <subfield code="a">ITALIANO</subfield>
  </datafield>
  <datafield tag="650" ind1=" " ind2=" ">
    <subfield code="a">DOCUMENTARIO</subfield>
    <subfield code="e">TV-PROGRAMMI RELIGIOSI [VHS]</subfield>
    <subfield code="x">Codice MATERIA SPICS: 9963</subfield>
    <subfield code="9">36814</subfield>
  </datafield>
  <datafield tag="700" ind1=" " ind2=" ">
    <subfield code="a">Branchesi M. </subfield>
    <subfield code="e">(soggetto)</subfield>
    <subfield code="g">Codice Soggetto SPICS: 29710</subfield>
    <subfield code="9">49954</subfield>
  </datafield>
  <datafield tag="700" ind1=" " ind2=" ">
    <subfield code="a">Damato Mino </subfield>
    <subfield code="e">(regista)</subfield>
    <subfield code="g">Codice regista SPICS: 29708</subfield>
    <subfield code="9">49955</subfield>
  </datafield>
  <datafield tag="700" ind1=" " ind2=" ">
    <subfield code="a">Giordano Gabriele</subfield>
    <subfield code="e">(regista)</subfield>
    <subfield code="g">Codice secondo regista SPICS: 29711</subfield>
    <subfield code="9">49956</subfield>
  </datafield>
  <datafield tag="700" ind1=" " ind2=" ">
    <subfield code="a">Vitalini Alberico</subfield>
    <subfield code="e">(musica)</subfield>
    <subfield code="g">Codice Musica SPICS: 11335</subfield>
    <subfield code="9">49957</subfield>
  </datafield>
  <datafield tag="942" ind1=" " ind2=" ">
    <subfield code="c">VH</subfield>
    <subfield code="2">ddc</subfield>
  </datafield>
  <datafield tag="999" ind1=" " ind2=" ">
    <subfield code="c">107014</subfield>
    <subfield code="d">107014</subfield>
  </datafield>
  <datafield tag="952" ind1=" " ind2=" ">
    <subfield code="0">0</subfield>
    <subfield code="1">0</subfield>
    <subfield code="4">0</subfield>
    <subfield code="6">85119_000000000000000</subfield>
    <subfield code="7">1</subfield>
    <subfield code="a">SPICS</subfield>
    <subfield code="b">SPICS</subfield>
    <subfield code="d">2015-01-31</subfield>
    <subfield code="l">0</subfield>
    <subfield code="o">85119</subfield>
    <subfield code="r">2015-01-31 00:00:00</subfield>
    <subfield code="w">2015-01-31</subfield>
    <subfield code="y">VH</subfield>
    <subfield code="z">Progr. Ins.: 2656 / N.Vol.:1 / Copie: 1 / Pag.:0 / Copia rara: n.d. / date import: 1.2.2015 / By Epidotti, Trombetti, Vaglietti</subfield>
  </datafield>
</record>
